00452nam a2200145 a 45000010005000000030009000050080041000140400028000550820017000831000042001002450080001422600046002223000010002686500028002784383CO-ViMGA141112s2004 ck r 000 u spa d aCO-ViMGAbspacCO-ViMGA a616.863 M4541 aMinisterio de Justicia y de Derecho, 10aDrogas ilicitas en colombia : bsu impacto económico, político y social aSantafé de Bogotá : bPlaneta, c1997 a700 p14aDROGADICCION - COLOMBIA